logo

Bir Sreshtho Munshi Abdur Rouf Library
Jhenaidah Cadet College

Newspapers and the making of modern America : (Record no. 7683)

MARC details
000 -LEADER
fixed length control field 01258cam a2200289 a 4500
001 - CONTROL NUMBER
JCCL Control Number 7683
003 - CONTROL NUMBER IDENTIFIER
JCCL marc code BD - JhCC
005 - DATE AND TIME OF LATEST TRANSACTION
control field 20180213101838.0
008 - FIXED-LENGTH DATA ELEMENTS--GENERAL INFORMATION
fixed length control field 050310s2005 ctua b 001 0 eng
020 ## - INTERNATIONAL STANDARD BOOK NUMBER
International Standard Book Number 0313323208 (alk. paper)
035 ## - SYSTEM CONTROL NUMBER
system control number BD - JhCC
040 ## - CATALOGING SOURCE
Original cataloging agency DLC
Transcribing agency DLC
Modifying agency DLC
-- BD - JhCC
041 ## - LANGUAGE CODE
Language code of Book eng
050 00 - LIBRARY OF CONGRESS CALL NUMBER
Classification number PN4867
Item number .W34 2005
082 00 - DEWEY DECIMAL CLASSIFICATION NUMBER
Classification number 071/.3/0904
DDC Edition number 22
Author mark and Year WAL 2005
100 1# - MAIN ENTRY--PERSONAL NAME
Personal name Wallace, Aurora.
245 10 - TITLE STATEMENT
Title Newspapers and the making of modern America :
Remainder of title a history /
Statement of responsibility, etc Aurora Wallace.
260 ## - PUBLICATION, DISTRIBUTION, ETC. (IMPRINT)
Place of publication, distribution, etc Westport, Conn. :
Name of publisher, distributor, etc Greenwood Press,
Date of publication, distribution, etc 2005.
300 ## - PHYSICAL DESCRIPTION
Pagination 214 p. :
Other physical details ill. ;
Dimensions 25 cm.
504 ## - BIBLIOGRAPHY, ETC. NOTE
Bibliography, etc Includes bibliographical references (p. [195]-202) and index.
505 0# - FORMATTED CONTENTS NOTE
Formatted contents note Newspapers and their cities, towns, and villages -- Tabloids and the city -- Small town reform newspapers -- The Black press goes to war -- Postwar newspapers, suburbanization, and land development -- Florida in chains -- The community newspaper -- National newspapers and the nation.
650 #0 - SUBJECT ADDED ENTRY--TOPICAL TERM
Topical term or geographic name as entry element American newspapers
General subdivision History
Chronological subdivision 20th century.
650 #0 - SUBJECT ADDED ENTRY--TOPICAL TERM
Topical term or geographic name as entry element Journalism
General subdivision Social aspects
Geographic subdivision United States
General subdivision History
Chronological subdivision 20th century.
856 41 - ELECTRONIC LOCATION AND ACCESS
Materials specified Table of contents
Uniform Resource Identifier http://www.loc.gov/catdir/toc/ecip059/2005006712.html
942 ## - ADDED ENTRY ELEMENTS (KOHA)
Source of classification or shelving scheme Dewey Decimal Classification
Koha item type Books
Holdings
Source of classification or shelving scheme Damaged status Not for loan Home library Current library Shelving location Total Checkouts Full call number Barcode Date last seen Copy number Koha item type
Dewey Decimal Classification     JCC Rouf Library JCC Rouf Library General Stacks   071/.3/0904 WAL 2005 10327 02/13/2018 C -1 Books

JCC Library | Contacts | JCC Home

Last Update on 23 September 2017
Copyright @ 2017-2020 JCC Rouf Library
Rouf Library, Jhenidah Cadet College (JCC), Bangladesh